Dictionary of communications technology : (Record no. 100384)
[ view plain ]
| 000 -LEADER | |
|---|---|
| fixed length control field | 00732cam a2200241 a 4500 |
| 008 - FIXED-LENGTH DATA ELEMENTS--GENERAL INFORMATION | |
| fixed length control field | |
| 020 ## - INTERNATIONAL STANDARD BOOK NUMBER | |
| International Standard Book Number | 0471955426 |
| 049 ## - LOCAL HOLDINGS (OCLC) | |
| Holding library | MAIN |
| 090 ## - LOCALLY ASSIGNED LC-TYPE CALL NUMBER (OCLC); LOCAL CALL NUMBER (RLIN) | |
| Classification number (OCLC) (R) ; Classification number, CALL (RLIN) (NR) | REF TK5102 |
| Local cutter number (OCLC) ; Book number/undivided call number, CALL (RLIN) | HEL |
| 003 - CONTROL NUMBER IDENTIFIER | |
| control field | |
| 005 - DATE AND TIME OF LATEST TRANSACTION | |
| control field | 20230120191409.0 |
| 040 ## - CATALOGING SOURCE | |
| Transcribing agency | NUST |
| 100 1# - MAIN ENTRY--PERSONAL NAME | |
| Personal name | Held, Gilbert. |
| 245 10 - TITLE STATEMENT | |
| Title | Dictionary of communications technology : |
| Remainder of title | terms, definitions, and abbreviations / |
| Statement of responsibility, etc. | Gilbert Held. |
| 246 30 - VARYING FORM OF TITLE | |
| Title proper/short title | Communications technology |
| 250 ## - EDITION STATEMENT | |
| Edition statement | 2nd ed. |
| 260 ## - PUBLICATION, DISTRIBUTION, ETC. | |
| Place of publication, distribution, etc. | Chichester : |
| Name of publisher, distributor, etc. | J. Wiley, |
| Date of publication, distribution, etc. | c1995. |
| 300 ## - PHYSICAL DESCRIPTION | |
| Extent | viii, 501 p. : |
| Other physical details | ill. ; |
| Dimensions | 26 cm. |
| 650 #0 - SUBJECT ADDED ENTRY--TOPICAL TERM | |
| Topical term or geographic name entry element | Telecommunication |
| General subdivision | Dictionaries. |
| 653 0# - INDEX TERM--UNCONTROLLED | |
| Uncontrolled term | Telecommunication. |
| 907 ## - LOCAL DATA ELEMENT G, LDG (RLIN) | |
| a | .b10072639 |
| b | 28-08-12 |
| c | 17-04-03 |
| 942 ## - ADDED ENTRY ELEMENTS (KOHA) | |
| Koha item type | Ordinary Loan Books |
| Call number prefix | REF TK5102 |
| Call number suffix | HEL |
| Date last seen | Total Checkouts | Full call number | Barcode | Cost, replacement price | Price effective from | Koha item type | Lost status | Source of classification or shelving scheme | Damaged status | Not for loan | Collection | Withdrawn status | Home library | Current library | Shelving location | Date acquired | Cost, normal purchase price |
|---|---|---|---|---|---|---|---|---|---|---|---|---|---|---|---|---|---|
| 01/20/2023 | REF TK5102 HEL | 92003019707 | 80.00 | 01/20/2023 | REF | LCC | NFIC | MAIN | MAIN | GEN | 01/20/2023 | 80.00 |